MARC

Tag First Indicator Second Indicator Subfields
LEADER 00000cas a2200000Ii 4500
001 in00000068229
005 20221201165146.0
008 791217c19uu9999iluan m 0 a0eng d
019 |a 312956057 
035 |a (OCoLC)ocm05804091  
035 |a (OCoLC)5804091  |z (OCoLC)312956057 
035 |a (OCoLC)ocm05804091  
040 |a TOL  |b eng  |c TOL  |d OCLCQ  |d OCLCF  |d OCLCO  |d OCL  |d OCLCO  |d OKS  |d OCLCQ  |d OCLCO 
050 4 |a T58.A2  |b I424x 
082 0 4 |a 658.506  |b N277p 
111 2 |a Industrial Engineering and Management Clinic. 
245 1 0 |a Proceedings. 
260 |a Chicago. 
300 |b illustrations, portraits ;  |c 28 cm annual 
336 |a text  |b txt  |2 rdacontent 
337 |a unmediated  |b n  |2 rdamedia 
500 |a Began with 1937 clinic. Cf. Union list of serials. 
500 |a Issued 1937-38 as Time and Motion Study Clinic; 1939-47 as National Time and Motion Study Clinic; 1948-57 as National Time and Motion Study and Management Clinic; 1958- as National Industrial Engineering and Management Clinic. 
550 |a Clinic sponsored by the Industrial Management Society (19 by its Research Division). 
650 0 |a Industrial management  |v Congresses. 
650 6 |a Gestion d'entreprise  |v Congrès. 
650 7 |a Industrial management.  |2 fast  |0 (OCoLC)fst00971246 
655 7 |a Conference papers and proceedings.  |2 fast  |0 (OCoLC)fst01423772 
710 2 |a Industrial Management Society. 
710 2 |a Time and Motion Study Clinic.  |t Proceedings. 
710 2 |a National Time and Motion Study Clinic.  |t Proceedings. 
710 2 |a National Time and Motion Study and Management Clinic.  |t Proceedings. 
710 2 |a National Industrial Engineering and Management Clinic.  |t Proceedings. 
776 0 8 |i Online version:  |a Industrial Engineering and Management Clinic.  |t Proceedings  |w (OCoLC)762760026 
948 |h HELD BY TXA - 18 OTHER HOLDINGS 
994 |a Z0  |b TXA 
999 f f |s 8e4b08ca-ac06-3646-aea2-977be42ca59d  |i 85f9ab73-da23-3e24-a896-0a35181927ed  |t 0 
952 f f |p ric  |a Texas A&M University  |b Rellis Campus  |c Joint Library Facility  |d Remote Storage  |t 0  |e T58.A2 N33  |h Library of Congress classification  |i unmediated -- volume  |k v.10  |l 1946  |m A14842278856 
952 f f |p ric  |a Texas A&M University  |b Rellis Campus  |c Joint Library Facility  |d Remote Storage  |t 0  |e T58.A2 N33  |h Library of Congress classification  |i unmediated -- volume  |k v.14-19  |l 1950-1955  |m A14842279037 
952 f f |p ric  |a Texas A&M University  |b Rellis Campus  |c Joint Library Facility  |d Remote Storage  |t 0  |e T58.A2 N33  |h Library of Congress classification  |i unmediated -- volume  |k v.13  |l 1949  |m A14842279029 
952 f f |p ric  |a Texas A&M University  |b Rellis Campus  |c Joint Library Facility  |d Remote Storage  |t 0  |e T58.A2 N33  |h Library of Congress classification  |i unmediated -- volume  |k v.3--5,7,9  |l 1939-1941,1943,1945  |m A14842278971 
952 f f |p ric  |a Texas A&M University  |b Rellis Campus  |c Joint Library Facility  |d Remote Storage  |t 0  |e T58.A2 N33  |h Library of Congress classification  |i unmediated -- volume  |k v.11  |l 1947  |m A14842278989 
998 f f |a T58.A2 N33  |s v.13-19 (1949-1955)  |t 0  |l Remote Storage